000 01918nam1a2200361 i 4500
001 RU\NLR\bibl\1405571
005 20260409072029.0
035 _a(NLR Aleph) 001397570
090 _a1201824
_c1201824
100 _a20090828g20089999k y0rusy50 ca
101 0 _arus
102 _aRU
105 _a||||z |||||
200 1 _aНанонаука и нанотехнологии с позиций физики, химии, материаловедения и медицины
_f[Р.П. Заднепровский, Г.М. Казантинова, Л.М. Семенова и др.]
_gнауч. ред.: д.т.н. Р.П. Заднепровский [и др. ]
_gФедер. агентство по образованию, Волгоград. гос. архит.-строит. ун-т, Волгоград. клуб д-ров наук
210 _aВолгоград
_cВолгГАСУ
_d2008
215 _d21
300 _aАвт. указаны на обороте тит. л.
463 0 _10011337301
463 0 _10011383371
606 _aНанотехнологии
_3RU\NLR\auth\66830353
_91835426
606 _aНанотехнологии
_xПрименение в медицине
_92295538
_3RU\NLR\auth\661374565
686 _aЗ844.1
686 _aЖ6
686 _aР.с
701 1 _aЗаднепровский
_bР. П.
_gРем Петрович
_4070
701 1 _aКазантинова
_bГ. М.
_gГалина Михайловна
_4070
701 1 _4070
_8rus
_7ca
_aСеменова
_bЛ. М.
_cд-р техн. наук
_gЛидия Михайловна
_f1931-
_3RU\NLR\auth\7728838
_911868
712 0 2 _4570
_aВолгоградский государственный архитектурно-строительный университет
_3RU\NLR\AUTH\8810052714
_9605854
801 0 _aRU
_bNLR
_c20090828
_gRCR
801 1 _aRU
_bNLR
_c20090828
852 _aNLR
_j2009-3/6593
942 _cBOOK